ARRUPE JESUIT UNIVERSITY

CORONAVIRUS -STOP THE SPREAD - CLEAN,DISINFECT,COVER

The theology and setting of discipleship in the gospel of Mark / (Record no. 119791)

MARC details
000 -LEADER
fixed length control field 01021cam a2200289 a 4500
001 - CONTROL NUMBER
control field 1880134
003 - CONTROL NUMBER IDENTIFIER
control field ARRUPE
005 - DATE AND TIME OF LATEST TRANSACTION
control field 20140130143605.0
008 - FIXED-LENGTH DATA ELEMENTS--GENERAL INFORMATION
fixed length control field 830309s1983 wiu b 000 0 eng
010 ## - LIBRARY OF CONGRESS CONTROL NUMBER
LC control number 83060749
020 ## - INTERNATIONAL STANDARD BOOK NUMBER
International Standard Book Number 0874625386
040 ## - CATALOGING SOURCE
Original cataloging agency DLC
Transcribing agency DLC
Modifying agency DLC
050 00 - LIBRARY OF CONGRESS CALL NUMBER
Classification number BS2585.2
Item number .D664 1983
082 00 - DEWEY DECIMAL CLASSIFICATION NUMBER
Classification number 226/.306
Edition number 19
300 ## - PHYSICAL DESCRIPTION
Dimensions 19 cm.
100 1# - MAIN ENTRY--PERSONAL NAME
Personal name Donahue, John R.
9 (RLIN) 7400
245 14 - TITLE STATEMENT
Title The theology and setting of discipleship in the gospel of Mark /
Statement of responsibility, etc by John R. Donahue.
260 ## - PUBLICATION, DISTRIBUTION, ETC. (IMPRINT)
Place of publication, distribution, etc Milwaukee, Wis. :
Name of publisher, distributor, etc Marquette University Press,
Date of publication, distribution, etc c1983.
300 ## - PHYSICAL DESCRIPTION
Extent 65 p. ;
490 1# - SERIES STATEMENT
Series statement The 1983 Père Marquette theology lecture
504 ## - BIBLIOGRAPHY, ETC. NOTE
Bibliography, etc Includes bibliographical references.
600 00 - SUBJECT ADDED ENTRY--PERSONAL NAME
Personal name Jesus Christ
General subdivision Friends and associates.
9 (RLIN) 7401
630 00 - SUBJECT ADDED ENTRY--UNIFORM TITLE
Uniform title Bible.
Name of part/section of a work Mark
General subdivision Criticism, interpretation, etc.
9 (RLIN) 7402
650 #0 - SUBJECT ADDED ENTRY--TOPICAL TERM
Topical term or geographic name as entry element Christian life
General subdivision Biblical teaching.
9 (RLIN) 7403
830 #0 - SERIES ADDED ENTRY--UNIFORM TITLE
Uniform title Pere Marquette theology lecture ;
Volume number/sequential designation 1983.
9 (RLIN) 7404
906 ## - LOCAL DATA ELEMENT F, LDF (RLIN)
a 7
b cbc
c orignew
d 3
e opcn
f 19
g y-gencatlg
942 ## - ADDED ENTRY ELEMENTS (KOHA)
Source of classification or shelving scheme Library of Congress Classification
Koha item type Monograph ( Printed materials)
Holdings
Withdrawn status Lost status Source of classification or shelving scheme Damaged status Not for loan Collection code Home library Current library Shelving location Date acquired Total Checkouts Full call number Barcode Date last seen Price effective from Koha item type
    Library of Congress Classification     Main Collection ARRUPE LIBRARY ARRUPE LIBRARY Main Collection 30/01/2014   BS2585.2 .D664 1983 46412074 01/08/2016 30/01/2014 Monograph ( Printed materials)

 

Arrupe Library. PO Box MP320 Mt Pleasant, Harare, Zimbabwe
263 242 745411|librarian@aju.ac.zw